India as described by the Arab travellers (Record no. 15328)

MARC details
000 -LEADER
fixed length control field 00463nam a2200169Ia 4500
082 ## - DEWEY DECIMAL CLASSIFICATION NUMBER
Classification number TA.0200
100 ## - MAIN ENTRY--AUTHOR NAME
Personal name Abidi, Syed Tauqeir Hasan
245 #0 - TITLE STATEMENT
Title India as described by the Arab travellers
260 ## - PUBLICATION, DISTRIBUTION, ETC. (IMPRINT)
Year of publication 1976
Name of publisher University of Lucknow
300 ## - PHYSICAL DESCRIPTION
Number of Pages 339
650 ## - SUBJECT ADDED ENTRY--TOPICAL TERM
Topical Term India
Form subdivision History, Ancient
650 ## - SUBJECT ADDED ENTRY--TOPICAL TERM
Topical Term Travelers, Arab
Geographic subdivision India
650 ## - SUBJECT ADDED ENTRY--TOPICAL TERM
Topical Term Arab travellers
Form subdivision Travelers, Arab
650 ## - SUBJECT ADDED ENTRY--TOPICAL TERM
Topical Term India
Form subdivision Description
710 ## - ADDED ENTRY--CORPORATE NAME
Corporate name or jurisdiction name as entry element Dixit, Ram Kumar
942 ## - ADDED ENTRY ELEMENTS (KOHA)
Koha item type Thesis
Source of classification or shelving scheme Dewey Decimal Classification
Holdings
Withdrawn status Lost status Damaged status Not for loan Home library Current library Date acquired Full call number Accession Number Price effective from Koha item type
        NASSDOC Library NASSDOC Library 08/10/2004 TA.0200 12724 18/04/2019 Thesis